Физико-химическая эволюция твердого вещества

Dades bibliogràfiques
Autor principal: Мелихов И. В. Игорь Витальевич
Sumari:Книга, написанная специалистом в области исследования гетерогенных процессов, посвящена проблеме, которая находится на стыке химии, физики, материаловедения и современных высоких технологий (в том числе нанотехнологии). Сформулирован основной эволюционный маршрут твердого вещества, проанализированы его отдельные стадии (зарождение, рост частиц, агломерация, упорядочение, отклик на внешние воздействия и т. д.). Рассмотрены теоретические модели эволюционного процесса на макро-, мезо- и микроуровне. Особое внимание уделено формированию диссипативных структур и характерным чертам эволюции нанодисперсного вещества. Книга хорошо иллюстрирована, содержит обширную библиографию. Для широкого круга специалистов, чьи области научных и практических интересов связаны с синтезом или использованием твердых веществ, а также для преподавателей, аспирантов и студентов химических и химико-технологических специальностей.
Idioma:rus
Publicat: Москва, БИНОМ. Лаборатория знаний, 2009
Col·lecció:Нанотехнология
Matèries:
Format: MixedMaterials Llibre
KOHA link:https://koha.lib.tpu.ru/cgi-bin/koha/opac-detail.pl?biblionumber=163398

MARC

LEADER 00000nam0a2200000 4500
001 163398
005 20231101222407.0
010 |a 9785947743388 
035 |a (RuTPU)RU\TPU\book\177286 
090 |a 163398 
100 |a 20090817d2009 km y0rusy50 ca 
101 0 |a rus 
102 |a RU 
105 |a a z 001zy 
200 1 |a Физико-химическая эволюция твердого вещества  |f И. В. Мелихов 
210 |a Москва  |c БИНОМ. Лаборатория знаний  |d 2009 
215 |a 309 с.  |c ил. 
225 1 |a Нанотехнология 
320 |a Библиогр. в конце глав. 
330 |a Книга, написанная специалистом в области исследования гетерогенных процессов, посвящена проблеме, которая находится на стыке химии, физики, материаловедения и современных высоких технологий (в том числе нанотехнологии). Сформулирован основной эволюционный маршрут твердого вещества, проанализированы его отдельные стадии (зарождение, рост частиц, агломерация, упорядочение, отклик на внешние воздействия и т. д.). Рассмотрены теоретические модели эволюционного процесса на макро-, мезо- и микроуровне. Особое внимание уделено формированию диссипативных структур и характерным чертам эволюции нанодисперсного вещества. Книга хорошо иллюстрирована, содержит обширную библиографию. Для широкого круга специалистов, чьи области научных и практических интересов связаны с синтезом или использованием твердых веществ, а также для преподавателей, аспирантов и студентов химических и химико-технологических специальностей. 
606 1 |a Твердые тела  |x Физика  |2 stltpush  |3 (RuTPU)RU\TPU\subj\58697  |9 76461 
610 1 |a твердое вещество 
610 1 |a физико-химическая эволюция 
610 1 |a агломерация 
610 1 |a спонтанное упорядочение 
610 1 |a внешнее воздействие 
610 1 |a диссипативные структуры 
610 1 |a эволюционный процесс 
610 1 |a нанодисперсные вещества 
610 1 |a гетерогенные процессы 
610 1 |a материаловедение 
610 1 |a нанотехнологии 
675 |a 539.2  |v 3 
700 1 |a Мелихов  |b И. В.  |g Игорь Витальевич 
801 1 |a RU  |b 63413507  |c 20090817 
801 2 |a RU  |b 63413507  |c 20150519  |g RCR 
942 |c BK 
959 |a 81/20090817  |d 2  |e 165,00  |f АНЛ:1  |f ЧЗТЛ:1